000 01080nab a22002177a 4500
999 _c5779
_d5779
003 OSt
005 20260106130424.0
008 190514b xxu||||| |||| 00| 0 spa d
040 _cPJ
100 _96690
_aIud, Carolina D.
245 1 3 _aEfectos patrimoniales del matrimonio y de las uniones convivenciales :
_buna mirada desde el derecho internacional privado /
_cCarolina D. Iud, Nieve Rubaja.
300 _ap. 43-61
505 _aSumario: I. Introducción.— II. Jurisdicción internacional.— III. Derecho aplicable.— IV. Desafíos a futuro.— V. Síntesis. Fundamento normativo del sistema de derecho internacional privado argentino (fuente internacional y fuente interna).
505 _tSi te interesa el texto, comunicate a koha@justierradelfuego.gov.ar
650 0 _9967
_aDERECHO DE FAMILIA
650 0 _aUNIONES CONVIVENCIALES
_91053
650 0 _aDERECHO INTERNACIONAL PRIVADO
_9327
700 _94324
_aRubaja, Nieve
_ecoautor
773 0 _02844
_93222
_dBuenos Aires : AbeledoPerrot, 1989-
_tDerecho de familia. N° 115 - Julio 2024
_z18511201
942 _2udc
_cANA